Guía para la preparación de la declaración anual 2003 y los pagos provisionales 2004 de las personas morales : no incluye el régimen simplificado /
में बचाया:
| मुख्य लेखक: | |
|---|---|
| अन्य लेखक: | |
| स्वरूप: | पुस्तक |
| भाषा: | स्पेनिश |
| प्रकाशित: |
México :
Instituto Mexicano Fiscal,
2004, c2004
|
| श्रृंखला: | (El Especialista. México Fiscal)
|
| विषय: | |
| टैग: |
कोई टैग नहीं, इस रिकॉर्ड को टैग करने वाले पहले व्यक्ति बनें!
|
MARC
| LEADER | 00000nam^a2200000^a^4500 | ||
|---|---|---|---|
| 001 | 000165287 | ||
| 005 | 20250521000000.0 | ||
| 009 | 20260310101011.63 | ||
| 037 | |a Acervo ITESO - Biblioteca | ||
| 041 | |a ESP | ||
| 082 | |a 657. 46 |b BOR | ||
| 100 | |a Bornacini Hervella, Honore A. |e (autor) | ||
| 245 | 1 | 0 | |a Guía para la preparación de la declaración anual 2003 y los pagos provisionales 2004 de las personas morales : |b no incluye el régimen simplificado / |c H.A. Bornacini Hervella, V. Romero Said. |
| 264 | 4 | |a México : |b Instituto Mexicano Fiscal, |c 2004, c2004 | |
| 300 | |a 181 p. | ||
| 336 | |a texto |b txt |2 rdacontenido | ||
| 337 | |a sin mediación |b n |2 rdamedio | ||
| 338 | |a volumen |b nc |2 rdasoporte | ||
| 440 | 4 | |a (El Especialista. |p México Fiscal) | |
| 649 | |a XX | ||
| 650 | |a Personas Jurídicas - |z México - |x Condiciones Jurídicas | ||
| 650 | |a Utilidad (Economía) - |z México | ||
| 650 | |a Utilidad (Economía) - |z México | ||
| 650 | |a Impuestos sobre la Renta | ||
| 650 | |a Impuestos | ||
| 650 | |a Impuestos - |z México | ||
| 650 | |a Contabilidad Fiscal - |z México | ||
| 650 | |a Derecho Fiscal - |z México | ||
| 650 | |a Derecho Financiero - |z México | ||
| 650 | |a Derecho Mercantil - |z México | ||
| 650 | |a Derecho Público - |z México | ||
| 650 | |a Empresas - |x Administración | ||
| 650 | |a Ciencias Administrativas | ||
| 700 | |a Romero Said, Vicente |e (autor) | ||
| 910 | |a Fondo General | ||
| 920 | |a Impresos - Libros | ||
| 930 | |a Colección General | ||
| 905 | |a 101 | ||
| 901 | |a 0500100077 |b IT1 |c ACC |u 20250521 | ||
| 902 | |a https://opac.biblio.iteso.mx/vufind/Record/000165287 | ||